| 000 | 00756nam a2200277Ia 4500 | ||
|---|---|---|---|
| 001 | Z_3490 | ||
| 003 | CHAP | ||
| 008 | 220113s1993 xx 000 0 und d | ||
| 010 | _a166604 | ||
| 020 | _a0-442-01335-3 | ||
| 040 | _cCHAP | ||
| 082 | _a636.085 P48 | ||
| 100 |
_aPesti, Gene M _9140687 |
||
| 245 |
_aAnimal feed formulation economics and computer applications / _cby Gene M. Pesti and Bill R. Miller |
||
| 260 |
_aNew York : _bAVI, _c1993 |
||
| 300 | _a166 p. ; disket | ||
| 503 | _a172052 ej.2, 179395 ej.1,ej.3 fotocopia | ||
| 650 |
_aAlimentos y alimentación _9137761 |
||
| 650 |
_aNutrición I. Miller, Bill R _9140688 |
||
| 901 | _a636.085 P48 | ||
| 902 | _aM | ||
| 910 | _a1993 | ||
| 942 | _c1 | ||
| 942 | _cc1 | ||
| 999 |
_c166604 _d166604 |
||